| 000 | 00431nam a2200181 a 4500 | ||
|---|---|---|---|
| 001 | 13590 | ||
| 003 | CO-ViMGA | ||
| 008 | 141112s2004 ck r 000 u spa d | ||
| 020 | _a950010119X | ||
| 040 |
_aCO-ViMGA _bspa _cCO-ViMGA |
||
| 082 | 0 | 4 | _a150 D656c |
| 100 | 1 |
_aDomond, Rut _919805 |
|
| 245 | 1 | 0 | _aCurso basico de psicologia |
| 260 |
_aSao Pablo, _cs.e., _c1993 |
||
| 300 | _a167 | ||
| 650 | 1 | 4 | _aPSICOLOGIA |
| 942 |
_2ddc _cBK |
||
| 999 |
_c24314 _d24314 |
||